[Event "HUN-ch Rapid 2018"]
[Site "Ajka"]
[Date "2018.07.21"]
[Round "9"]
[White "Martini, Balazs"]
[Black "Prohaszka, Peter"]
[Result "0-1"]
[WhiteElo "2295"]
[BlackElo "2593"]
[Annotator "TA"]
[PlyCount "173"]
[EventDate "2018.07.20"]
[EventType "swiss"]
[EventCountry "HUN"]
[SourceTitle "playchess.com"]
[Source "ChessBase"]
[SourceQuality "1"]

{[%evp 20,173,11,13,30,12,12,12,16,0,2,-17,-17,-19,0,-11,-8,-7,-27,-18,-18,-25,-23,-21,6,-45,-23,-44,-35,-33,-26,-48,-45,-68,0,0,0,0,0,0,0,0,0,0,0,0,0,0,5,5,14,0,0,0,0,0,0,-81,0,0,0,0,0,0,5,5,10,5,12,0,0,0,0,0,6,0,0,0,0,0,0,0,0,0,0,0,0,0,0,0,0,0,0,0,0,0,8,0,0,0,0,0,0,0,0,0,0,0,0,0,0,0,0,0,0,0,0,0,0,0,0,0,0,0,0,0,0,0,0,0,0,0,0,0,1,0,0,0,0,0,0,0,0,0,0,0,0,0,0,0,0,0,0,0,0,-29969]} 1. Nf3 d5 2. b3 Bf5 3. Bb2 e6 4. g3 h6 5. Bg2 Nf6 6. O-O Be7 7. d3 O-O 8. Nbd2 Bh7 9. Ne5 {A07: Réti Opening: New York and Capablanca Systems} (9. e3 c6 10. Qe2 a5 11. a3 Na6 12. Ne5 Nc5 13. f4 Nfd7 14. Ng4 Nf6 15. Nf2 Nfd7 16. e4 Re8 17. e5 {½-½ (67) Zherebukh,Y (2633)-Prohaszka,P (2611) New York 2018}) 9... Nfd7 10. Nxd7 Nxd7 11. e4 {LiveBook: 3 Games} Bf6 (11... c6 {seems wilder.} 12. f4 Qa5 13. a3 Rad8 14. Kh1 Qc7) 12. Bxf6 Nxf6 13. Qe2 c6 14. Rfe1 $146 ({Predecessor:} 14. e5 Nd7 15. f4 a5 16. a4 Qe7 17. Ra2 f6 18. exf6 Qxf6 19. Nf3 Rae8 20. Re1 Qd8 {½-½ (20) Sorensen,B (2282)-Skytte,R (2409) Denmark 2010}) 14... Qa5 15. e5 Nd7 16. Nf3 Qa3 17. Qd2 a5 {[%cal Ba7a5,Ba5a4,Ba4a3][%mdl 32]} 18. Qc1 Qc5 19. Qb2 a4 20. b4 a3 21. Qb3 $1 Qb5 22. c4 (22. d4 $11) 22... Qa4 $15 {Threatens to win with ...Qxb3.} 23. Qc3 dxc4 24. dxc4 c5 25. bxc5 Nxc5 26. Nd4 Rfd8 (26... Nd3 $1 $15 27. Re3 (27. Bxb7 Rad8 $17) 27... Rac8) 27. Re3 $11 Rd7 28. Nb5 Rd1+ 29. Rxd1 Qxd1+ 30. Re1 Qc2 31. Qxc2 Bxc2 32. Re3 Bb3 33. Bxb7 Ra4 34. Bc6 {With the idea Nxa3.} Rxc4 35. Nxa3 Rc1+ 36. Kg2 Bxa2 37. Nb5 Bc4 38. Rc3 {[#]} (38. Nd6 $11 {remains equal.}) 38... Rxc3 ({Black should try} 38... Bf1+ $1 $17 39. Kf3 Rxc3+ 40. Nxc3 Nd3) 39. Nxc3 $17 {[%mdl 4096] Endgame KBN-KBN. The position is equal.} g5 40. f4 Kg7 41. Kf3 Bd3 42. Ke3 Bf5 43. Bf3 Bg6 44. Ne2 Nd3 45. Nd4 gxf4+ 46. gxf4 Nb4 47. h4 Bh7 48. Bg2 Na6 49. Bh3 Nc7 50. Bg2 Bg6 51. Bf3 Na6 52. Bg4 Nc7 53. Bf3 Bh7 54. Bg2 Na6 55. Bh3 Nc5 56. Bg2 Nd7 57. Bc6 Nf8 58. Bf3 Ng6 59. h5 Ne7 60. Bg4 Kf8 61. Bf3 Bf5 62. Kf2 Ke8 63. Kg3 Bd3 64. Bg4 Kd8 65. Bf3 Kc7 66. Kf2 Kb6 67. Ke3 Bf5 68. Be2 Kc5 {[#] aiming for ...Nd5+.} 69. Nb3+ Kb4 70. Nd4 Bh7 71. Bf3 Kc5 72. Bg2 Kc4 73. Bf3 Bf5 74. Be2+ Kc5 {Hoping for ...Nd5+.} 75. Bf3 Bh7 76. Nb3+ Kc4 77. Nd4 Kc5 78. Nb3+ Kb6 79. Nd4 Bf5 80. Ne2 Bc2 81. Nd4 Ba4 82. Be4 Bd7 83. Nf3 Bc6 84. Bxc6 Nf5+ 85. Ke4 {Black must now prevent Be8.} Ng3+ 86. Ke3 Kxc6 87. Ng5 $2 {[%mdl 8192] Precision: White = 49%, Black = 78%.} (87. Nh2 $11) 0-1

[Event "HUN-ch Rapid 2018"]
[Site "Ajka"]
[Date "2018.07.21"]
[Round "9"]
[White "Papp, Petra"]
[Black "Jakab, Attila"]
[Result "0-1"]
[WhiteElo "2287"]
[BlackElo "2363"]
[Annotator "RC"]
[PlyCount "120"]
[EventDate "2018.07.20"]
[EventType "swiss"]
[EventCountry "HUN"]
[SourceTitle "playchess.com"]
[Source "ChessBase"]
[SourceQuality "1"]
[TimeControl "1200+5"]

1. e4 {[%emt 0:00:37]} c5 {[%emt 0:00:01]} 2. Nf3 {[%emt 0:00:07]} g6 {[%emt 0:00:02]} 3. d4 {[%emt 0:00:05]} Bg7 {[%emt 0:00:02]} 4. c4 {[%emt 0:00:17]} Qb6 {[%emt 0:00:04]} 5. Nc3 {[%emt 0:01:37]} cxd4 {[%emt 0:00:02]} 6. Nd5 {[%emt 0:00:13]} Qa5+ {[%emt 0:00:02]} 7. b4 {[%emt 0:02:07]} Qd8 {[%emt 0:00:02]} 8. Nxd4 {[%emt 0:01:06]} Nc6 {[%emt 0:00:55]} 9. Bb2 {[%emt 0:00:33]} Nf6 {[%emt 0:01:20]} 10. Nxf6+ {[%emt 0:00:20]} Bxf6 {[%emt 0:00:06]} 11. Nxc6 {[%emt 0:00:05]} dxc6 {[%emt 0:00:52]} 12. Qxd8+ {[%emt 0:02:38]} Kxd8 {[%emt 0:00:02]} 13. e5 {[%emt 0:01:09]} Bg7 {[%emt 0:00:03]} 14. Bd3 {[%emt 0:00:30]} Kc7 {[%emt 0:00:14]} 15. a3 {[%emt 0:03:49]} h5 {[%emt 0:00:50]} 16. Ke2 {[%emt 0:00:07]} h4 {[%emt 0:00:02]} 17. f4 {[%emt 0:00:40]} Bg4+ {[%emt 0:02:57]} 18. Ke3 {[%emt 0:00:02]} Rad8 {[%emt 0:00:22]} 19. Be2 {[%emt 0:00:13]} Bf5 {[%emt 0:02:08]} 20. Rhd1 {[%emt 0:00:38]} Rxd1 {[%emt 0:00:55]} 21. Rxd1 {[%emt 0:00:03]} Rg8 {[%emt 0:00:24]} 22. Bd3 {[%emt 0:00:40]} Rd8 {[%emt 0:02:11]} 23. Be2 {[%emt 0:00:15]} Ra8 {[%emt 0:00:02]} 24. Bc3 {[%emt 0:00:37]} Bh6 {[%emt 0:00:10]} 25. Bd3 {[%emt 0:00:21]} e6 {[%emt 0:00:12]} 26. Be2 {[%emt 0:00:17]} Bf8 {[%emt 0:00:07]} 27. g4 {[%emt 0:00:14]} hxg3 {[%emt 0:00:02]} 28. hxg3 {[%emt 0:00:01]} g5 {[%emt 0:00:05]} 29. Bh5 {[%emt 0:01:40]} a5 {[%emt 0:00:17]} 30. bxa5 {[%emt 0:00:58]} Bc5+ {[%emt 0:00:23]} 31. Bd4 {[%emt 0:00:27]} gxf4+ {[%emt 0:00:02]} 32. gxf4 {[%emt 0:00:02]} Bxd4+ {[%emt 0:00:22]} 33. Rxd4 {[%emt 0:00:09]} Rxa5 {[%emt 0:00:01]} 34. Bxf7 {[%emt 0:00:04]} Rxa3+ {[%emt 0:00:03]} 35. Kf2 {[%emt 0:00:07]} Rc3 {[%emt 0:01:03]} 36. Ke2 {[%emt 0:00:06]} Kb6 {[%emt 0:00:58]} 37. Kd2 {[%emt 0:00:05]} Rf3 {[%emt 0:01:48]} 38. Rd6 {[%emt 0:00:04]} Rxf4 {[%emt 0:00:51]} 39. Bxe6 {[%emt 0:00:00]} Bxe6 {[%emt 0:00:01]} 40. Rxe6 {[%emt 0:00:01]} Rxc4 {[%emt 0:00:20]} 41. Kd3 {[%emt 0:00:00]} Kc5 {[%emt 0:00:02]} 42. Re8 {[%emt 0:00:05]} Rd4+ {[%emt 0:00:40]} 43. Kc3 {[%emt 0:00:03]} b5 {[%emt 0:00:07]} 44. e6 {[%emt 0:00:08]} b4+ {[%emt 0:00:03]} 45. Kc2 {[%emt 0:00:04]} Re4 {[%emt 0:00:35]} 46. Kb3 {[%emt 0:00:19]} Re3+ {[%emt 0:00:03]} 47. Kc2 {[%emt 0:00:01]} Kc4 {[%emt 0:00:03]} 48. e7 {[%emt 0:00:01]} c5 {[%emt 0:00:05]} 49. Kd2 {[%emt 0:00:09]} Re4 {[%emt 0:00:03]} 50. Kc2 {[%emt 0:00:10]} Re2+ {[%emt 0:00:22]} 51. Kd1 {[%emt 0:00:02]} Re5 {[%emt 0:00:02]} 52. Kd2 {[%emt 0:00:03]} Kb3 {[%emt 0:00:31]} 53. Kd3 {[%emt 0:00:09]} c4+ {[%emt 0:00:13]} 54. Kd4 {[%emt 0:00:00]} Re1 {[%emt 0:00:01]} 55. Kc5 {[%emt 0:00:05]} c3 {[%emt 0:00:06]} 56. Rb8 {[%emt 0:00:01]} Re5+ {[%emt 0:00:02]} 57. Kd6 {[%emt 0:00:10]} Rxe7 {[%emt 0:00:02]} 58. Kxe7 {[%emt 0:00:01]} c2 {[%emt 0:00:01]} 59. Rc8 {[%emt 0:00:10]} Kb2 {[%emt 0:00:02]} 60. Rb8 {[%emt 0:00:05]} b3 {[%emt 0:00:02]} 0-1

[Event "HUN-ch Rapid 2018"]
[Site "Ajka"]
[Date "2018.07.21"]
[Round "9"]
[White "Szelenyi, Norbert"]
[Black "Horvath, Peter"]
[Result "1/2-1/2"]
[WhiteElo "2284"]
[BlackElo "2438"]
[Annotator "TA"]
[PlyCount "36"]
[EventDate "2018.07.20"]
[EventType "swiss"]
[EventCountry "HUN"]
[SourceTitle "playchess.com"]
[Source "ChessBase"]
[SourceQuality "1"]

{[%evp 17,18,25,38]} 1. d4 d5 2. Nf3 Nf6 3. c4 e6 4. cxd5 exd5 5. Nc3 Nbd7 6. Bg5 c6 7. e3 Be7 8. Bd3 O-O 9. Qc2 Re8 {LiveBook: 3099 Games} {Predecessor:} 10. h3 $146 Nf8 11. g4 a5 12. O-O-O a4 13. Kb1 Qa5 14. a3 Be6 15. Bxf6 Bxf6 16. g5 Be7 17. Ne5 Bxg5 18. f4 Bf6 {1-0 (41) Yu,Y (2738)-Wang,Y (2718) China 2016} 1/2-1/2

[Event "HUN-ch Rapid 2018"]
[Site "Ajka"]
[Date "2018.07.21"]
[Round "9"]
[White "Laszlo, Janos"]
[Black "Hajnal, Zoltan"]
[Result "0-1"]
[WhiteElo "2273"]
[BlackElo "2357"]
[Annotator "NA RC"]
[PlyCount "132"]
[EventDate "2018.07.20"]
[EventType "swiss"]
[EventCountry "HUN"]
[SourceTitle "playchess.com"]
[Source "ChessBase"]
[SourceQuality "1"]
[TimeControl "1200+5"]

1. Nf3 {[%emt 0:00:02]} d5 {[%emt 0:00:01]} 2. e3 {[%emt 0:00:02]} Nf6 {[%emt 0:00:02]} 3. c4 {[%emt 0:00:02]} c6 {[%emt 0:00:01]} 4. Nc3 {[%emt 0:00:03]} Bf5 {[%emt 0:00:06]} 5. cxd5 {[%emt 0:00:11]} cxd5 {[%emt 0:00:02]} 6. Qb3 {[%emt 0:00:06]} Bc8 {[%emt 0:00:01]} 7. d4 {[%emt 0:00:06]} Nc6 {[%emt 0:00:01]} 8. Bb5 {[%emt 0:00:12]} e6 {[%emt 0:00:05]} 9. O-O {[%emt 0:00:21]} Bd7 {[%emt 0:00:04]} 10. Bd2 {[%emt 0:01:31]} Bd6 {[%emt 0:00:15]} 11. Rfc1 {[%emt 0:00:15]} O-O {[%emt 0:00:05]} 12. Qd1 {[%emt 0:00:19]} a6 {[%emt 0:00:58]} 13. Bd3 {[%emt 0:00:12]} b5 {[%emt 0:00:32]} 14. Qe2 {[%emt 0:03:05]} e5 {[%emt 0:02:52]} 15. dxe5 {[%emt 0:00:29]} Nxe5 {[%emt 0:00:01]} 16. Nxe5 {[%emt 0:02:02]} Bxe5 {[%emt 0:00:01]} 17. h3 {[%emt 0:01:01]} Re8 {[%emt 0:01:06]} 18. Qf3 {[%emt 0:01:35]} b4 {[%emt 0:01:25]} 19. Nd1 {[%emt 0:00:19]} Qb6 {[%emt 0:00:26]} 20. a3 {[%emt 0:00:40]} a5 {[%emt 0:00:20]} 21. axb4 {[%emt 0:01:02]} axb4 {[%emt 0:00:01]} 22. Rxa8 {[%emt 0:01:11]} Rxa8 {[%emt 0:00:01]} 23. Qe2 {[%emt 0:00:53]} g6 {[%emt 0:03:21]} 24. Qe1 {[%emt 0:00:23]} Bd6 {[%emt 0:00:02]} 25. b3 {[%emt 0:00:58]} Bc6 {[%emt 0:01:02]} 26. Nb2 {[%emt 0:00:48]} Qb7 {[%emt 0:01:04]} 27. Bf1 {[%emt 0:00:23]} Ne4 {[%emt 0:03:22]} 28. Nd3 {[%emt 0:00:25]} Bb5 {[%emt 0:00:10]} 29. Qd1 {[%emt 0:02:53]} Qe7 {[%emt 0:03:12]} 30. Be1 {[%emt 0:00:16]} Rd8 {[%emt 0:01:05]} 31. Rc2 {[%emt 0:00:13]} h5 {[%emt 0:00:13]} 32. Qc1 {[%emt 0:00:04]} Qg5 {[%emt 0:00:09]} 33. Rc8 {[%emt 0:00:16]} Rxc8 {[%emt 0:00:21]} 34. Qxc8+ {[%emt 0:00:01]} Kg7 {[%emt 0:00:03]} 35. Qb7 {[%emt 0:00:04]} Bxd3 {[%emt 0:00:10]} 36. Bxd3 {[%emt 0:00:02]} Nc3 {[%emt 0:00:06]} 37. Qc6 {[%emt 0:00:14]} Qe5 {[%emt 0:00:01]} 38. g3 {[%emt 0:00:08]} Ne4 {[%emt 0:00:06]} 39. Kg2 {[%emt 0:00:05]} h4 {[%emt 0:00:02]} 40. f4 {[%emt 0:00:17]} Qe6 {[%emt 0:00:10]} 41. g4 {[%emt 0:00:08]} g5 {[%emt 0:00:02]} 42. Qc1 {[%emt 0:00:05]} gxf4 {[%emt 0:00:07]} 43. exf4 {[%emt 0:00:01]} Nc5 {[%emt 0:00:01]} 44. Bb1 {[%emt 0:00:09]} Qe2+ {[%emt 0:00:01]} 45. Bf2 {[%emt 0:00:03]} Ne4 {[%emt 0:00:03]} 46. Bxe4 {[%emt 0:00:02]} dxe4 {[%emt 0:00:00]} 47. Kg1 {[%emt 0:00:03]} Qd3 {[%emt 0:00:13]} 48. Qe3 {[%emt 0:00:02]} f6 {[%emt 0:00:13]} 49. Qxd3 {[%emt 0:00:02]} exd3 {[%emt 0:00:01]} 50. Kf1 {[%emt 0:00:01]} Bxf4 {[%emt 0:00:02]} 51. Bc5 {[%emt 0:00:02]} Bd2 {[%emt 0:00:03]} 52. Kf2 {[%emt 0:00:02]} f5 {[%emt 0:00:01]} 53. gxf5 Kf6 54. Kf3 Kxf5 55. Be7 {[%emt 0:00:08]} Bg5 {[%emt 0:00:02]} 56. Bxb4 {[%emt 0:00:02]} Ke5 {[%emt 0:00:03]} 57. Bc3+ {[%emt 0:00:02]} Kd5 {[%emt 0:00:01]} 58. Kf2 {[%emt 0:00:02]} Bf4 {[%emt 0:00:02]} 59. Ke1 {[%emt 0:00:02]} Ke4 {[%emt 0:00:02]} 60. Kf2 {[%emt 0:00:04]} Be3+ {[%emt 0:00:01]} 61. Ke1 {[%emt 0:00:01]} Kf3 {[%emt 0:00:00]} 62. Bf6 {[%emt 0:00:04]} Kg3 {[%emt 0:00:01]} 63. b4 {[%emt 0:00:03]} Kxh3 {[%emt 0:00:01]} 64. b5 {[%emt 0:00:02]} Kg4 {[%emt 0:00:01]} 65. Bd8 {[%emt 0:00:03]} h3 {[%emt 0:00:04]} 66. b6 {[%emt 0:00:03]} Bxb6 {[%emt 0:00:03]} 0-1

[Event "HUN-ch Rapid 2018"]
[Site "Ajka"]
[Date "2018.07.21"]
[Round "9"]
[White "Varga, Klara"]
[Black "Deak, Sandor"]
[Result "1-0"]
[WhiteElo "2183"]
[BlackElo "2335"]
[Annotator "TA"]
[PlyCount "83"]
[EventDate "2018.07.20"]
[EventType "swiss"]
[EventCountry "HUN"]
[SourceTitle "playchess.com"]
[Source "ChessBase"]
[SourceQuality "1"]

{[%evp 19,83,10,16,16,52,17,49,5,31,23,27,0,14,-27,0,7,6,10,4,7,10,0,0,0,57,74,76,67,66,44,45,20,22,0,34,0,0,-70,-27,-39,-39,-34,-39,-47,-47,-56,-39,-49,-19,-22,0,0,0,-6,0,0,0,0,0,0,33,0,116,0,0,0]} 1. c4 c5 2. g3 Nf6 3. Bg2 d5 4. cxd5 Nxd5 5. Nc3 Nc7 6. e3 e5 {A34: Symmetrical English: 2 Nc3, lines with ...d5} 7. Nge2 Be7 8. O-O O-O 9. f4 exf4 10. Nxf4 Nc6 {LiveBook: 8 Games} 11. b3 Rb8 $146 ({Predecessor:} 11... Bf5 12. Ba3 Qd7 13. Rc1 Bg4 14. Qe1 {0-1 (32) Cornette,M (2593)-Nikolov,M (2563) Rochefort 2017}) 12. Ba3 Ne5 13. Rc1 Bg4 14. Qc2 b6 15. Ncd5 Nxd5 16. Nxd5 Bd6 17. d4 cxd4 18. Bxd6 Qxd6 19. exd4 Ng6 20. Qc7 Qa3 21. Rxf7 Qxc1+ (21... Rxf7 $11 22. Qxb8+ Rf8) 22. Qxc1 $14 Rxf7 23. Ne3 Be6 24. d5 Bd7 25. d6 {[#] Hoping for Bd5.} Rc8 26. Qb2 {aiming for Bd5.} Rf6 27. Bd5+ Kh8 28. Qa3 (28. h4 $1 $11) 28... a5 (28... Rc3 $5 {[%cal Rc3e3]} 29. Nf1 (29. Qxa7 $2 Bh3 $19) 29... a5 $15) 29. b4 axb4 30. Qxb4 Bh3 {( -> ...Rc1+)} 31. Qb2 Rxd6 32. Bg2 Bxg2 (32... Bd7 {looks sharper.} 33. h4 Rc5 34. Qb4 Be6 35. a4 Ne5) 33. Kxg2 Rcd8 34. Nc4 Rc6 35. Qb5 Rdc8 36. Nxb6 Rc2+ 37. Kh3 Rf8 38. Nd7 Rd8 39. a4 Rd2 40. Nb6 {Strongly threatening a5.} Nf8 {[#]} (40... R2d3 $11 {keeps the balance.}) 41. a5 (41. Nc4 $1 $16 {[%cal Rc4d2]} R2d5 42. Qb6) 41... R8d6 $1 $11 42. a6 {[%mdl 32768] Precision: White = 37%, Black = 48%. . Loss on Time!?} 1-0

[Event "HUN-ch Rapid 2018"]
[Site "Ajka"]
[Date "2018.07.21"]
[Round "9"]
[White "Buzas, Bertalan"]
[Black "Kiss, Pal"]
[Result "1/2-1/2"]
[WhiteElo "2133"]
[BlackElo "2356"]
[Annotator "NA RC"]
[PlyCount "76"]
[EventDate "2018.07.20"]
[EventType "swiss"]
[EventCountry "HUN"]
[SourceTitle "playchess.com"]
[Source "ChessBase"]
[SourceQuality "1"]
[TimeControl "1200+5"]

1. Nf3 {[%emt 0:00:02]} d5 {[%emt 0:00:02]} 2. g3 {[%emt 0:00:02]} Nf6 {[%emt 0:00:03]} 3. Bg2 {[%emt 0:00:02]} c6 {[%emt 0:00:02]} 4. O-O {[%emt 0:00:02]} Bg4 {[%emt 0:00:02]} 5. d4 {[%emt 0:00:02]} e6 {[%emt 0:00:07]} 6. Nbd2 {[%emt 0:00:01]} Be7 {[%emt 0:00:12]} 7. Re1 {[%emt 0:00:06]} O-O {[%emt 0:00:14]} 8. e4 {[%emt 0:00:01]} Nbd7 {[%emt 0:00:26]} 9. c3 {[%emt 0:00:09]} Bh5 {[%emt 0:00:34]} 10. Qb3 {[%emt 0:00:02]} Qb6 {[%emt 0:00:15]} 11. h3 {[%emt 0:00:22]} Bg6 {[%emt 0:01:24]} 12. exd5 {[%emt 0:00:24]} cxd5 {[%emt 0:00:18]} 13. Ne5 {[%emt 0:00:21]} Nxe5 {[%emt 0:01:42]} 14. dxe5 {[%emt 0:00:17]} Nd7 {[%emt 0:00:10]} 15. Nf3 {[%emt 0:00:32]} Nc5 {[%emt 0:01:04]} 16. Qxb6 {[%emt 0:00:26]} axb6 {[%emt 0:00:01]} 17. Be3 {[%emt 0:01:42]} Rfc8 {[%emt 0:00:26]} 18. Bf1 {[%emt 0:00:50]} Na4 {[%emt 0:01:36]} 19. Re2 {[%emt 0:01:16]} Bc5 {[%emt 0:02:41]} 20. Bd4 {[%emt 0:03:00]} Be4 21. Ne1 Bxd4 {[%emt 0:01:53]} 22. cxd4 {[%emt 0:00:07]} b5 {[%emt 0:00:06]} 23. a3 {[%emt 0:02:19]} b4 {[%emt 0:00:52]} 24. f3 {[%emt 0:00:05]} Bg6 25. Rd2 {[%emt 0:00:38]} Nb6 {[%emt 0:00:35]} 26. Rad1 {[%emt 0:02:48]} Nc4 {[%emt 0:01:34]} 27. Bxc4 {[%emt 0:02:04]} Rxc4 {[%emt 0:00:10]} 28. axb4 {[%emt 0:02:31]} Rxb4 {[%emt 0:00:33]} 29. Kf2 {[%emt 0:00:05]} Ra2 30. Rc1 h5 {[%emt 0:00:38]} 31. Ke3 {[%emt 0:01:42]} Rbxb2 {[%emt 0:00:23]} 32. Rxb2 Rxb2 33. h4 {[%emt 0:00:24]} Bf5 {[%emt 0:01:58]} 34. Kf4 {[%emt 0:00:08]} Rd2 {[%emt 0:02:00]} 35. Ke3 {[%emt 0:00:09]} Rh2 {[%emt 0:00:14]} 36. Rc8+ {[%emt 0:00:01]} Kh7 {[%emt 0:00:01]} 37. Rc7 {[%emt 0:00:01]} Bg6 {[%emt 0:00:21]} 38. Rxb7 {[%emt 0:00:04]} Ra2 {[%emt 0:00:03]} 1/2-1/2

[Event "HUN-ch Rapid 2018"]
[Site "Ajka"]
[Date "2018.07.21"]
[Round "9"]
[White "Sarok, Peter"]
[Black "Csonka, Balazs"]
[Result "0-1"]
[WhiteElo "2105"]
[BlackElo "2311"]
[Annotator "NA RC"]
[PlyCount "64"]
[EventDate "2018.07.20"]
[EventType "swiss"]
[EventCountry "HUN"]
[SourceTitle "playchess.com"]
[Source "ChessBase"]
[SourceQuality "1"]
[TimeControl "1200+5"]

1. c4 {[%emt 0:00:07]} e6 {[%emt 0:01:41]} 2. g3 {[%emt 0:00:03]} d5 {[%emt 0:00:03]} 3. Bg2 {[%emt 0:00:01]} Nf6 {[%emt 0:00:04]} 4. Nf3 {[%emt 0:00:01]} dxc4 {[%emt 0:02:38]} 5. Qa4+ {[%emt 0:00:12]} c6 {[%emt 0:00:10]} 6. Qxc4 {[%emt 0:00:04]} b5 {[%emt 0:00:03]} 7. Qc2 {[%emt 0:00:07]} Bb7 {[%emt 0:00:02]} 8. d4 {[%emt 0:00:18]} Nbd7 {[%emt 0:00:29]} 9. O-O {[%emt 0:00:34]} c5 {[%emt 0:01:04]} 10. Rd1 {[%emt 0:00:23]} Rc8 {[%emt 0:00:26]} 11. a4 {[%emt 0:02:28]} cxd4 {[%emt 0:06:30]} 12. Qd3 {[%emt 0:00:32]} Be4 {[%emt 0:01:32]} 13. Qxb5 {[%emt 0:00:22]} Rc5 {[%emt 0:00:03]} 14. Qa6 {[%emt 0:00:40]} Rc6 {[%emt 0:01:05]} 15. Qb5 {[%emt 0:02:13]} Rc5 {[%emt 0:01:04]} 16. Qa6 {[%emt 0:00:19]} Nb8 {[%emt 0:01:10]} 17. Qxa7 {[%emt 0:00:44]} Nc6 {[%emt 0:00:32]} 18. Qa6 {[%emt 0:00:43]} Nb4 {[%emt 0:00:29]} 19. Qa7 {[%emt 0:00:42]} Ra5 {[%emt 0:00:16]} 20. Qxd4 {[%emt 0:00:41]} Rd5 {[%emt 0:00:02]} 21. Qxd5 {[%emt 0:00:14]} exd5 {[%emt 0:00:50]} 22. Nc3 {[%emt 0:00:15]} Bc2 {[%emt 0:00:17]} 23. Rf1 {[%emt 0:00:37]} Bc5 {[%emt 0:00:11]} 24. Bg5 {[%emt 0:00:20]} d4 {[%emt 0:00:31]} 25. Nb5 {[%emt 0:00:15]} O-O {[%emt 0:00:11]} 26. Rfc1 {[%emt 0:00:25]} d3 {[%emt 0:00:11]} 27. exd3 {[%emt 0:00:33]} Bxf2+ {[%emt 0:00:02]} 28. Kxf2 {[%emt 0:00:15]} Nxd3+ {[%emt 0:00:02]} 29. Kf1 {[%emt 0:00:15]} Nxc1 {[%emt 0:00:07]} 30. Rxc1 {[%emt 0:00:04]} Qd3+ {[%emt 0:00:23]} 31. Kg1 {[%emt 0:00:28]} Bxa4 {[%emt 0:00:05]} 32. Nc3 {[%emt 0:01:08]} Bc6 {[%emt 0:00:03]} 0-1

[Event "HUN-ch Rapid 2018"]
[Site "Ajka"]
[Date "2018.07.21"]
[Round "9"]
[White "Szukics, Adam"]
[Black "Bagi, Mate"]
[Result "0-1"]
[WhiteElo "2010"]
[BlackElo "2394"]
[Annotator "NA RC"]
[PlyCount "78"]
[EventDate "2018.07.20"]
[EventType "swiss"]
[EventCountry "HUN"]
[SourceTitle "playchess.com"]
[Source "ChessBase"]
[SourceQuality "1"]
[TimeControl "1200+5"]

1. d4 {[%emt 0:00:08]} Nf6 {[%emt 0:00:03]} 2. Nf3 {[%emt 0:00:02]} c5 {[%emt 0:00:07]} 3. d5 {[%emt 0:00:33]} b5 {[%emt 0:00:02]} 4. Bg5 {[%emt 0:00:55]} Qb6 {[%emt 0:00:09]} 5. c3 {[%emt 0:01:30]} a6 {[%emt 0:01:31]} 6. g3 {[%emt 0:01:08]} Bb7 {[%emt 0:01:08]} 7. Bxf6 {[%emt 0:00:03]} Qxf6 {[%emt 0:00:21]} 8. Bg2 {[%emt 0:00:36]} g6 {[%emt 0:02:39]} 9. O-O {[%emt 0:00:29]} Bg7 {[%emt 0:00:17]} 10. e4 {[%emt 0:00:07]} d6 {[%emt 0:00:10]} 11. Qe2 {[%emt 0:01:09]} O-O {[%emt 0:00:18]} 12. a4 {[%emt 0:00:54]} e6 {[%emt 0:01:20]} 13. Rd1 {[%emt 0:02:39]} exd5 {[%emt 0:00:29]} 14. exd5 {[%emt 0:00:02]} b4 {[%emt 0:01:10]} 15. a5 {[%emt 0:00:33]} Nd7 {[%emt 0:00:13]} 16. Ra4 {[%emt 0:00:22]} Rfe8 {[%emt 0:00:20]} 17. Qf1 {[%emt 0:00:01]} Rab8 {[%emt 0:01:36]} 18. cxb4 {[%emt 0:01:39]} Qxb2 {[%emt 0:00:42]} 19. bxc5 {[%emt 0:02:29]} Nxc5 {[%emt 0:00:06]} 20. Rc4 {[%emt 0:00:01]} Qa2 {[%emt 0:01:16]} 21. Nd4 {[%emt 0:00:54]} Bxd4 {[%emt 0:00:34]} 22. Rcxd4 {[%emt 0:00:19]} Qxa5 {[%emt 0:00:06]} 23. Nd2 {[%emt 0:00:13]} Qc7 {[%emt 0:00:12]} 24. Qc4 {[%emt 0:02:45]} Qd7 {[%emt 0:01:16]} 25. Qc3 {[%emt 0:00:32]} Rbc8 {[%emt 0:01:39]} 26. Qb2 {[%emt 0:00:19]} a5 {[%emt 0:00:35]} 27. Nc4 {[%emt 0:00:37]} Qd8 {[%emt 0:00:04]} 28. Bh3 {[%emt 0:00:37]} Rb8 {[%emt 0:00:13]} 29. Qc3 {[%emt 0:00:20]} a4 {[%emt 0:00:18]} 30. Ne3 {[%emt 0:00:01]} h5 {[%emt 0:01:42]} 31. Ng2 {[%emt 0:00:15]} Bc8 {[%emt 0:00:12]} 32. Bxc8 {[%emt 0:00:03]} Qxc8 {[%emt 0:00:02]} 33. Nf4 {[%emt 0:00:18]} Qf5 {[%emt 0:00:13]} 34. Rc4 {[%emt 0:00:06]} Rb1 {[%emt 0:00:18]} 35. Rxb1 {[%emt 0:00:06]} Qxb1+ {[%emt 0:00:01]} 36. Kg2 {[%emt 0:00:01]} Re1 {[%emt 0:00:40]} 37. Nd3 {[%emt 0:00:11]} Rg1+ {[%emt 0:00:10]} 38. Kh3 {[%emt 0:00:01]} Qxd3 {[%emt 0:00:05]} 39. Rxc5 {[%emt 0:00:04]} Qf5+ {[%emt 0:00:03]} 0-1

[Event "HUN-ch Rapid 2018"]
[Site "Ajka"]
[Date "2018.07.21"]
[Round "10"]
[White "Almasi, Zoltan"]
[Black "Balog, Imre"]
[Result "1-0"]
[WhiteElo "2650"]
[BlackElo "2613"]
[Annotator "TA"]
[PlyCount "109"]
[EventDate "2018.07.20"]
[EventType "swiss"]
[EventCountry "HUN"]
[SourceTitle "playchess.com"]
[Source "ChessBase"]
[SourceQuality "1"]

{[%evp 9,109,43,43,52,74,74,68,68,70,70,98,105,86,73,86,74,93,56,65,41,72,72,85,81,57,52,72,62,88,56,122,105,106,115,99,111,114,120,116,113,102,101,95,74,130,124,131,133,160,160,161,150,168,147,208,188,231,200,198,206,198,191,202,204,205,198,202,183,229,228,231,223,247,239,240,216,192,198,220,227,223,220,288,291,291,276,317,317,317,317,322,308,336,323,306,260,343,302,294,289,1451,1444]} 1. Nf3 d5 2. g3 g6 3. c4 c6 4. Qa4 Bg7 (4... d4 5. d3 Bg7 6. Bg2 e5 7. O-O Ne7 8. Nbd2 O-O 9. b4 Nd7 10. Rb1 b5 11. Qa5 Nb6 12. cxb5 cxb5 13. Qxb5 {½-½ (64) Artemiev,V (2691)-Shirov,A (2631) Moscow 2017}) 5. cxd5 Qxd5 6. Nc3 {A11: English Opening: 1...c6} Qh5 $146 ({Predecessor:} 6... Qd8 7. Bg2 Nd7 8. O-O Nb6 9. Qd1 Nf6 10. d4 O-O 11. e4 Bg4 12. a4 {1-0 (51) Simeonidis,I (2340)-Marantidis,P Thessaloniki 2003}) 7. h3 Nf6 8. d4 {White is slightly better.} Qf5 9. Bg2 O-O 10. O-O Nd5 11. Re1 Nb6 12. Qa3 Qd7 13. e4 Na6 14. Bg5 Re8 15. Rad1 Qd6 {[#]} 16. Qb3 $1 Be6 17. Qc2 Rac8 18. Bf4 Qd7 19. Ng5 Bc4 ({Black should play} 19... Rcd8 $14) 20. b3 Nb4 21. Qb1 Bd3 22. Rxd3 Nxd3 23. Qxd3 Qxd4 24. Qxd4 Bxd4 25. Ne2 Bg7 26. Be3 h6 (26... e6 $142) 27. Nf3 $16 Red8 28. Rc1 Rc7 29. Bf1 Rcd7 30. Nc3 Nc8 31. e5 Nb6 (31... e6 $16 32. Be2 Nb6) 32. a4 $18 Nd5 33. Nxd5 Rxd5 34. e6 fxe6 35. Bxa7 Rd1 36. Rxd1 Rxd1 37. Kg2 Kf7 38. Bc4 Rb1 39. Bb6 Bc3 40. Ng1 Kf6 41. Ne2 Ba1 42. h4 e5 43. Kf3 Rd1 44. Ke4 Bb2 45. Be3 g5 46. hxg5+ hxg5 47. g4 Ba1 48. Kf3 Bd4 {[#]} 49. Ng3 $1 Bxe3 50. Kxe3 ({Less strong is} 50. fxe3 Kg6 $16) 50... b6 51. Ne4+ Kg6 52. Be6 Rd4 53. f3 Rd1 54. Nc3 Kf6 $2 (54... Rd8 55. Bf5+ Kh6) 55. Nxd1 {Precision: White = 80%, Black = 44%.} 1-0